000 00417nam a2200157Ia 4500
003 Ost
005 20260225132540.0
008 260225s9999||||xx |||||||||||||| ||und||
040 _cfsic
041 _afre
082 _a659.1
100 _aXavier dordor
_eAuteur
245 0 _aMédias hors médias.Le choix d'une stratégie globale de communication pour l'entreprise /
245 0 _cXavier dordor
942 _cكتاب
999 _c33451
_d33451